000 00637nam a22002297a 4500
005 20260404125828.0
008 260404b |||||||| |||| 00| 0 eng d
020 _a978-81-312-6792-9
041 _aEnglish
082 _211th ed. 2023 (SAE)
_aPA 616.07 KUM B13228
100 _aKumar Vinay
_9217622
110 _aAbbad Adul K.
_9217623
245 _aRobbins and Kumar Basic Pathology
250 _a11th edition 2023 (SAE)
260 _aNew Delhi
_bElsevier
_c2023
300 _aix; 828p
_bpb
365 _aRupaye
_b2750
_cINR
500 _aPathology
650 _aPathology
_9217624
651 _aPathology
_9217625
942 _cBK
999 _c370871
_d370871